二十世纪中国史学史论 (Record no. 43709)
[ view plain ]
| 000 -LEADER | |
|---|---|
| fixed length control field | 00588nam a2200181Ia 4500 |
| 008 - FIXED-LENGTH DATA ELEMENTS--GENERAL INFORMATION | |
| fixed length control field | 230520s9999 xx 000 0 und d |
| 020 ## - INTERNATIONAL STANDARD BOOK NUMBER | |
| International Standard Book Number | 9787301162668 7301162669 |
| 041 ## - LANGUAGE CODE | |
| Language code of text/sound track or separate title | chi |
| 050 ## - LIBRARY OF CONGRESS CALL NUMBER | |
| Classification number | DS734.7 |
| Item number | .E77 2010 |
| 245 #0 - TITLE STATEMENT | |
| Title | 二十世纪中国史学史论 |
| Remainder of title | / |
| Statement of responsibility, etc. | 王学典, 陈峰编 |
| 246 ## - VARYING FORM OF TITLE | |
| Title proper/short title | 二十世紀中國史學史論 |
| Remainder of title | / |
| 260 ## - PUBLICATION, DISTRIBUTION, ETC. | |
| Place of publication, distribution, etc. | 北京市 : |
| Name of publisher, distributor, etc. | 北京大学出版社, |
| Date of publication, distribution, etc. | 2010 |
| 300 ## - PHYSICAL DESCRIPTION | |
| Extent | 2, 2, 509 p. |
| Other physical details | ; |
| Dimensions | 23 cm. |
| 650 ## - SUBJECT ADDED ENTRY--TOPICAL TERM | |
| Topical term or geographic name entry element | Historiography -- China -- History -- 20th century.China -- Historiograph. |
| 700 ## - ADDED ENTRY--PERSONAL NAME | |
| Personal name | 王学典 |
| 700 ## - ADDED ENTRY--PERSONAL NAME | |
| Personal name | 陈峰 |
| Withdrawn status | Lost status | Damaged status | Not for loan | Home library | Current library | Shelving location | Date acquired | Total Checkouts | Full call number | Barcode | Date last seen | Price effective from | Koha item type |
|---|---|---|---|---|---|---|---|---|---|---|---|---|---|
| GETS Theological Seminary Library | GETS Theological Seminary Library | 05/20/2023 | DS734.7 .E77 2010 | 00030652 | 05/20/2023 | 05/20/2023 | Chinese Book |